000 00775nab a2200241 u 4500
001 17994
003 HDC
007 cr bn ---aaaaa
008 210225b2011mmddmy d||no |||| 00| 0 eng d
040 _aHDC
245 0 _aUSM Receives R&D Sponsorship From Australian Company
_c/ Bernama
260 _aMalaysia:
_bBERNAMA,
_c2011
300 _a1 online resource
336 _atext
_2rdacontent
337 _acomputer
_2rdamedia
338 _aonline resource
_2rdacarrier
650 _aCorporate sponsorship
_917109
710 _aBernama
856 _zRequest full-text at [email protected]
942 _2lcc
942 _cNEWS
942 _kNWSO 003998
999 _c15310
_d15310